000 00502nam a2200181Ia 4500
999 _c1893
_d1893
003 OSt
005 20200922120747.0
008 190216s9999||||xx |||||||||||||| ||und||
020 _a8173811784
040 _coclc
082 _a580
_bGAN/C
100 _aGangulee, H C
_94784
245 0 _aCollge Botany Vol.2 /
_cH C Gangulee ; A K Kar
260 _bNew Central Book Agency,
_c2006.
_aKolkata:
300 _a1198p
650 _aBotany
942 _cBK
_2ddc
_h580
_iGAN/C
_k580
_mGAN/C